[Event "Chrudim op"]
[Site "Chrudim"]
[Date "2001.??.??"]
[Round "?"]
[White "Grigorova, Evgenia"]
[Black "Jambor, Ladislav"]
[Result "0-1"]
[WhiteElo "2110"]
[BlackElo "1695"]
[PlyCount "46"]
[EventDate "2001.??.??"]
[EventType "swiss"]
[EventRounds "9"]
[EventCountry "CZE"]
[SourceTitle "EXT 2003"]
[Source "ChessBase"]
[SourceDate "2002.11.25"]
[SourceVersion "1"]
[SourceVersionDate "2002.11.25"]
[SourceQuality "1"]

1. c4 Nf6 2. Nc3 g6 3. g3 d6 4. Bg2 Bg7 5. e3 c6 6. Nge2 0-0 7. 0-0 e5 8. b4 Be6 9. d3 d5 10. cxd5 cxd5 11. Ba3 e4 12. Rc1 exd3 13. Qxd3 Qd7 14. Rfd1 Rd8 15. b5 a6 16. Nd4 axb5 17. Ncxb5 Nc6 18. Rc3 Ne5 19. Qb1 Nc4 20. Bf1 Ne4 21. Rcd3 Bxd4 22. exd4 Ra5 23. Rb3 Ned2 0-1

[Event "Chrudim op"]
[Site "Chrudim"]
[Date "2001.??.??"]
[Round "?"]
[White "Jambor, Ladislav"]
[Black "Sodkiewicz, Daniel"]
[Result "1-0"]
[WhiteElo "1695"]
[BlackElo "1750"]
[PlyCount "79"]
[EventDate "2001.??.??"]
[EventType "swiss"]
[EventRounds "9"]
[EventCountry "CZE"]
[SourceTitle "EXT 2003"]
[Source "ChessBase"]
[SourceDate "2002.11.25"]
[SourceVersion "1"]
[SourceVersionDate "2002.11.25"]
[SourceQuality "1"]

1. Nf3 c6 2. d3 d5 3. g3 Bg4 4. Bg2 Nd7 5. c3 e6 6. Qc2 Ngf6 7. a3 Be7 8. 0-0 Qc7 9. Nbd2 Ne5 10. e4 Nxf3+ 11. Nxf3 dxe4 12. dxe4 0-0-0 13. Bf4 Qd7 14. Ne5 Qe8 15. Qa4 a6 16. Qa5 Bd6 17. Nxg4 Nxg4 18. Bxd6 Rxd6 19. Qg5 h5 20. h3 Nh6 21. Qxg7 Rd7 22. Rad1 Rxd1 23. Rxd1 Qg8 24. Qxg8+ Nxg8 25. h4 e5 26. Bh3+ Kc7 27. Rd7+ Kb6 28. Rxf7 Nh6 29. Re7 Rd8 30. Rxe5 Rd1+ 31. Kg2 Ng4 32. Bxg4 hxg4 33. h5 Rd8 34. h6 Rh8 35. Rh5 a5 36. f4 a4 37. f5 Kc5 38. Kf2 Kc4 39. Ke3 Kb3 40. Rh2 1-0